000 01714cam a22004094i 4500
003 PE-LiUPU
005 20250731173231.0
008 150625s1897 nyua r 000 0 eng d
035 _a(Sirsi) a34603
040 _aPE-LiUPU
_bspa
_cPE-LiUPU
_erda
082 0 4 _a248.8
_bH39
_221
100 1 _aCarl, F. H.,
_eautor.
245 1 0 _aChristian personal ethics /
_cF. H. Carl.
264 1 _aNew York :
_bHarper y Brothers publishers,
_c1897.
300 _a256 páginas :
_bilustraciones ;
_c25 centímetros
336 _atext
_2rdacontent
337 _aunmediated
_2rdamedia
338 _avolume
_2rdacarrier
505 0 _aA naturalists boyhood -- The story of the floundering beetle -- Fox Fire -- A Homely weed with interesting flowers -- Two fairy sponges -- Green pansies -- Mr. and Mrs. tumble-bug -- Those horse-hair snakes -- professor wiggler -- Cow-Spit, Snake-spint, and frog-spit -- The paper wasp and his doings -- The spinders span -- Ballooning spinders -- The Lace-wing fly -- The perrfumed beetles.
526 _aSEG42
526 _aSEG41
526 _aSEG40
526 _aSEG39
526 _aP94
526 _aP87
526 _aP86
526 _aP85
526 _aP77
526 _aP76
526 _aP35
650 0 4 _aÉtica cristiana.
_91047
942 _2ddc
_cBOOK
949 _a248.8 H39
_wDEWEY
_c1
_i10840
_lCCODEBUL1
_mBUL
_p11.00
_r0
_sY
_tBOOK
_u2015-06-25
_xBIBLIOTECA
_zUNKNOWN
_0COMPRA
_o.STAFF. Colección Teología
596 _a1
999 _a248.8 H39
_wDEWEY
_c42478
_i10840
_f2021-11-12
_g5
_lCCODEBUL1
_mBUL
_p11.00
_r0
_sY
_tBOOK
_u2015-6-25
_xTEOLOGIA
_PP35
_0COMPRA
_o.STAFF. Colección Teología
_d42478
980 _81
_gALBERTO SANCHEZ Responsable de Automatización